Emoji Quiz #27 - Statistics

General Stats
  • This quiz has been taken 18 times
  • The average score is 13 of 25
Answer Stats
Hint Answer % Correct
๐Ÿ•ฏ๏ธ {candle}
88%
๐Ÿ“• closed {book}
82%
๐Ÿ’ก {light} {bulb}
82%
๐Ÿ“– open {book}
82%
๐Ÿ“ท {camera}
76%
๐Ÿ“บ {television}
76%
๐ŸŽฅ movie {camera}
71%
๐Ÿ““ {notebook}
71%
๐Ÿ’พ {floppy} disk
65%
๐Ÿ“น video {camera}
65%
๐Ÿ”ฆ {flashlight}
59%
๐Ÿ“ก {satellite} antenna
53%
๐Ÿงฎ {abacus}
47%
๐Ÿ” {magnifying} {glass} tilted left
47%
๐Ÿฎ red paper {lantern}
47%
๐Ÿ“ฝ๏ธ film {projector}
35%
๐Ÿ“š {notebooks}
35%
๐ŸŽฌ {clapper} board
29%
๐Ÿ“œ {scroll}
29%
๐Ÿ“€ {dvd}
24%
๐Ÿ“‘ {bookmark} tabs
18%
๐Ÿช” diya {lamp}
18%
๐Ÿ“’ {ledger}
18%
๐Ÿ’ฟ {optical} disk
18%
๐Ÿ“ผ video{cassette}
18%
No matching quizzes found
Score Distribution
Percent of People with Each Score
Percentile by Number Answered
Your Score History
You have not taken this quiz